| 000 | 00577nam a2200193Ia 4500 | ||
|---|---|---|---|
| 005 | 20250326141121.0 | ||
| 008 | 250326s9999 xx 000 0 und d | ||
| 020 | _a0-87389-346-8 | ||
| 037 | _aTextbook | ||
| 040 |
_aFMSL _beng _cFMSL |
||
| 041 |
_aeng _2eng |
||
| 084 |
_aX:9 N6 _qFMSL |
||
| 100 |
_aKhouse S B, Ed. _9743751 |
||
| 245 | 0 |
_aHuman resources management perspective on TGM: Concepts and practice _cKhouse S B, Ed. |
|
| 260 |
_aMilwaukee _bMilwaukee, ASQ Quality Press _c1996 |
||
| 300 | _a340p | ||
| 942 |
_cTB _hX:9 N6 |
||
| 999 |
_c1288776 _d1288776 |
||